[Event "ITA-ch sf"]
[Site "Fano"]
[Date "2012.04.15"]
[Round "1"]
[White "Efimov, Igor"]
[Black "Gemma, Dario"]
[Result "1-0"]
[WhiteElo "2405"]
[BlackElo "1852"]
[PlyCount "81"]
[EventDate "2012.04.15"]
[EventType "swiss"]
[EventRounds "9"]
[EventCountry "ITA"]
[SourceTitle "EXT 2024"]
[Source "ChessBase"]
[SourceDate "2023.10.10"]
[SourceVersion "1"]
[SourceVersionDate "2023.10.10"]
[SourceQuality "1"]

1. e4 g6 2. d4 c6 3. Nf3 d5 4. Nc3 dxe4 5. Nxe4 Bg7 6. h3 Nd7 7. Bc4 Ngf6 8. Qe2 0-0 9. 0-0 Nxe4 10. Qxe4 Nf6 11. Qh4 Bf5 12. c3 Be4 13. Ne5 Bd5 14. Be2 Nd7 15. c4 Bxe5 16. dxe5 Be6 17. Bh6 Nxe5 18. Bxf8 Qxf8 19. Rad1 f6 20. Qd4 Qf7 21. b3 Kg7 22. Rfe1 g5 23. Bf1 Ng6 24. Qe4 Nf8 25. f4 h6 26. f5 Bc8 27. Rd8 Bxf5 28. Rxf8 Bxe4 29. Rxf7+ Kxf7 30. Rxe4 Rd8 31. c5 Rd2 32. Bc4+ Kf8 33. Re2 Rd1+ 34. Kf2 a6 35. Be6 Rd8 36. g4 Kg7 37. Ke1 h5 38. Rd2 Rf8 39. Rd7 hxg4 40. hxg4 Kg6 41. Rxe7 1-0